00233 a2200097 4500001000700000040003500007100002500042240003200067245002700099362000900126147900 cEscola São Tomás de Aquino aMAGALHÃES, Augusto10aAs amigas e as sombraslpor10aAs amigas e as sombras0 a1995